Memorias reunión de la red de información forestal para América Latina y el Caribe (Registro nro. 132)

Detalles MARC
000 -CABECERA
Campo de control 01138nam a2200265 a 4500
005 - FECHA Y HORA DE LA ULTIMA TRANSACCION
Campo de control 20191224041514.0
008 - ELEMENTOS DE LONGITUD FIJA—INFORMACION GENERAL
Campo de control 140114b1996 ck d fr|||| 00| 0 spa d
040 ## - FUENTE DE CATALOGACIÓN
Agencia catalogadora original CO-BoIAVH
Agencia transcriptora CO-BoIAVH
041 0# - IDIOMA
Código de idioma para texto/pista de sonido o título separado Español
044 ## - PAÍS DE PUBLICACIÓN
País de publicación Colombia
082 04 - NUMERO DE CLASIFICACION DECIMAL DEWEY
Número de clasificación 333.75
Número del ítem R44r
111 2# - ASIENTO PRINCIPAL--NOMBRE DE REUNION
Nombre de reunión o de jurisdicción como elemento de entrada Reunión de la Red de Información Forestal para América Latina y el Caribe
Lugar de la reunión Cartagena, Colombia
Fecha de la reunión 1996
Número de la parte/sección/reunión Tercera
9 (RLIN) 48310
245 1# - MENCION DE TITULO
Título Memorias reunión de la red de información forestal para América Latina y el Caribe
Mención de responsabilidad Editor María Teresa Motta Tello ; Corporación Nacional de Investigación y Fomento Forestal, Ministerio de Agricultura y Desarrollo Rural, IUFRO
260 ## - PUBLICACION, DISTRIBUCION, ETC. (PIE DE IMPRENTA)
Lugar de publicación, distribución, etc. Bogotá :
Nombre del editor, distribuidor, etc. Corporación Nacional de Investigación y Fomento Forestal ,
Fecha de publicación, distribución, etc. 1996.
300 ## - DESCRIPCION FISICA
Extensión 183 páginas :
Otros detalles físicos Cuadros ;
Dimensiones 28 x 22 cm.
650 #6 - ASIENTO SECUNDARIO DE MATERIA - TERMINO TEMATICO
Término temático o nombre geográfico como elemento de entrada Sistemas de información
9 (RLIN) 48311
650 #6 - ASIENTO SECUNDARIO DE MATERIA - TERMINO TEMATICO
Término temático o nombre geográfico como elemento de entrada Plantaciones forestales
9 (RLIN) 48312
650 #6 - ASIENTO SECUNDARIO DE MATERIA - TERMINO TEMATICO
Término temático o nombre geográfico como elemento de entrada IUFRO
9 (RLIN) 3900
650 #4 - ASIENTO SECUNDARIO DE MATERIA - TERMINO TEMATICO
Término temático o nombre geográfico como elemento de entrada Investigación cooperativa
Subdivisión de forma Proyectos
9 (RLIN) 48314
650 #4 - ASIENTO SECUNDARIO DE MATERIA - TERMINO TEMATICO
Término temático o nombre geográfico como elemento de entrada IUFRO
Subdivisión de forma Internet
9 (RLIN) 48315
662 ## - ASIENTO SECUNDARIO DE MATERIA - JERARQUIA DEL NOMBRE DE LUGAR(
Jurisdicción política intermedia Islas del Caribe
662 ## - ASIENTO SECUNDARIO DE MATERIA - JERARQUIA DEL NOMBRE DE LUGAR(
Jurisdicción política intermedia América Latina
700 1# - ASIENTO SECUNDARIO - NOMBRE PERSONAL
Nombre personal Motta Tello, María Teresa
9 (RLIN) 3897
942 ## - ELEMENTOS ADICIONALES (KOHA)
Tipo de ítem Libro
Sistema de clasificación Dewey Decimal Classification
Existencias
Withdrawn status Lost status Sistema de Clasificación Damaged status No para préstamo Colección Inventariado Ubicación Permanente Ubicación actual Fecha de adquisición Fuente de Valor Valor Total Checkouts Número topográfico Inventario / Código de Barras Date last seen Ejemplar Price effective from Forma de adquisición Tipo de material
    Dewey Decimal Classification     General Inventariado 2017 Bogotá Bogotá 22/12/1997 Instituto 39000.00   LB-333.75 R44r 000166 04/12/2012 Ej. 1 04/12/2012   Libro
    Dewey Decimal Classification     General Inventariado 2017 Sala Fabio Quevedo Sala Fabio Quevedo 22/12/1997 Instituto 39000.00   LB-333.75 R44r 000167 04/12/2012 Ej. 2 04/12/2012 Donación Libro